Matemática Fundamental para matemáticos / Jaime Robledo Potes (Registro nro. 18016)

Detalles MARC
000 -LEADER
fixed length control field 00702nam a22002171a 4500
001 - CONTROL NUMBER
control field 18016
003 - CONTROL NUMBER IDENTIFIER
control field OSt
005 - DATE AND TIME OF LATEST TRANSACTION
control field 20260204212345.0
008 - FIXED-LENGTH DATA ELEMENTS--GENERAL INFORMATION
fixed length control field 170217s2014||||ck ||||||b||||||||||spa||
020 ## - NUMERO DE LIBRO INTERNACIONAL NORMALIZADO
International Standard Book Number 9789587651065
082 ## - DEWEY DECIMAL CLASSIFICATION NUMBER
Classification number 511.322 R571m
100 ## - ASIENTO PRINCIPAL -- NOMBRE PERSONAL
Personal name Robledo Potes, Jaime
245 ## - TÍTULO PROPIAMENTE DICHO: SUBTÍTULO
Title Matemática Fundamental para matemáticos / Jaime Robledo Potes
250 ## - MENCIÓN DE EDICIÓN
Edition statement 4 ed.
264 ## - PRODUCTION, PUBLICATION, DISTRIBUTION, MANUFACTURE, AND COPYRIGHT NOTICE
Place of production, publication, distribution, manufacture Cali : Universidad del Valle
300 ## - PHYSICAL DESCRIPTION
Extensión 328 p.
490 ## - MENCIÓN DE SERIE
Series statement CEP - Banco de la República - Biblioteca Luis Ángel Arango
500 ## - GENERAL NOTE
General note Incluye índice Analítico
650 ## - ASIENTO SECUNDARIO DE MATERIA -- TERMINO TEMÁTICO
Termino Temático Como Elemento de Entrada 1.MATEMÁTICAS-ENSEÑANZA 2.TEORÍA DE CONJUNTOS 3.LÓGICA SIMBÓLICA Y MATEMÁTICA 4.NÚMEROS REALESÌ
942 ## - ADDED ENTRY ELEMENTS (KOHA)
Source of classification or shelving scheme Dewey Decimal Classification
Koha item type Libros
Existencias
Withdrawn status Lost status Source of classification or shelving scheme Damaged status Not for loan Current library Date acquired Total Checkouts Full call number Barcode Date last seen Price effective from Koha item type
    Dewey Decimal Classification     Biblioteca UTECO 09/09/2019   511.322 R571M 017711 09/09/2019 09/09/2019 Libros
    Dewey Decimal Classification     Biblioteca UTECO 09/09/2019   511.322 R571M 017712 09/09/2019 09/09/2019 Libros
    Dewey Decimal Classification     Biblioteca UTECO 09/09/2019   511.322 R571M 017713 09/09/2019 09/09/2019 Libros
    Dewey Decimal Classification     Biblioteca UTECO 09/09/2019   511.322 R571M 017714 09/09/2019 09/09/2019 Libros
© 2021 Derechos Reservados UTECO - Teléfono: +1 809-585-2291 - Correo electrónico: biblioteca@uteco.edu.do​  
Código postal 43000 ​​
Dirección: Avenida Universitaria No. 100, 
Cotuí, Provincia Sánchez Ramírez, República Dominicana - RNC: 404-00059-6